Представление документа в формате RUSMARC

ПолеНазваниеЗначение
  Тип записи a
  Библиографический уровень m
001 Контрольный номер RU\bookru\bibl\918834
003 Постоянный идентификатор записи http://www.book.ru/book/918834
005 Дата корректировки 20161026112409.1
010 Индекс ISBN __
a ISBN 978-5-406-05090-3
100 Данные общей обработки 0_
a Данные общей обработки 20151012d2016 mk y0rusy50 ca
101 Язык документа 0_
a Язык текста Русский
102 Страна публикации __
a Страна публикации RU
105 Кодированные данные (монография) __
a Кодированные данные (монография) y ||||000yy
200 Заглавие и сведения об ответственности 1_
a Заглавие Математика для экономистов
210 Выходные данные __
a Место издания Москва
c Издательство КноРус
d Дата издания 2016
215 Физическое описание __
a Объем 264
330 Аннотация __
a Аннотация Изложены основы математического анализа, линейной алгебры, аналитической и многомерной геометрии, рядов, квадратичных форм, дифференциальных уравнений. По всем разделам приведены решения соответствующих задач, представлено большое число геометрических иллюстраций, даны экономические приложения изложенного математического аппарата и простейшие экономико-математические модели. Приложения к изданию содержат примеры решения задач и другие методические материалы. Сетевая версия и контрольные задания размещены на сайте университета www.sseu.ru. Пособие написано в соответствии с требованиями государственных образовательных стандартов по математике. Для подготовки специалистов с высшим экономическим образованием и студентов экономических вузов всех форм обучения.
606 Тематические рубрики __
a Основная рубрика Математика
2 Код системы local
608 Указатель предметных рубрик __
a Жанр/форма Учебное пособие
2 Код системы local
675 Индекс УДК __
a Индекс УДК 51(075.8)
z Язык издания rus
686 Индексы других классификаций __
a Классификационный индекс 22.1я73
2 Код системы rubbk
700 Автор _1
a Фамилия Макаров С.И.
801 Источник записи _1
a Страна RU
b Организация book_ru
c Дата составления 20151012
g Правила каталогизации RCR
856 Электронный адрес документа 4_
u Универсальный указатель ресурса (URL) http://www.book.ru/book/918834
951 __
a http://www.book.ru/book/918834